| 000 | 00865nam a2200217 4500 | ||
|---|---|---|---|
| 001 | 136005 | ||
| 003 | ES-MaACL | ||
| 005 | 20230906195019.0 | ||
| 007 | t| | ||
| 008 | 070214s1970 sp r ||||1| spa d | ||
| 100 | 1 |
_aRovira Flórez de Quiñones, María Carolina. _9100146 |
|
| 245 | 1 | 3 |
_aLa filosofía jurídica de Felipe Clemente de Diego y Gutiérrez _b: (1866-1945) / _cMaría Carolina Rovira Flórez de Quiñones. |
| 260 |
_aSantiago de Compostela : _bPorto y Cia., _c1970. |
||
| 300 |
_a211 p. ; _c19 cm. |
||
| 490 | 1 |
_aBiblioteca hispánica de Filosofía del Derecho ; _v5 |
|
| 500 | _aPrecede al Tit : Universidad de Santiago de Compostela. | ||
| 710 | 2 |
_aUniversidad de Santiago de Compostela. _97294 |
|
| 830 | 0 |
_aBiblioteca hispánica de Filosofía del Derecho ; _v5 _9183210 |
|
| 852 |
_aES-MaACL _jC-40185 _bR.73648 |
||
| 999 |
_c136005 _d136005 |
||